000 00494nam a2200169Ia 4500
008 090711s9999 xx 000 0 und d
082 _b57331
100 _aभावे पुरुषोत्तम भा.
245 _aमंदिर
260 _c1979
300 _a130
600 _aभावे पुरुषोत्तम भा.
630 _aमंदिर
700 _aभावे पुरुषोत्तम भा.
730 _aमंदिर
942 _cBOOK
999 _c310094
_d310094